Ngữ pháp Longman : The Essential English Grammar /
Nouns. Articles. Pronouns. Quantity. Adjectives. Adverbs. The passive and the causative...
Shranjeno v:
| Glavni avtor: | |
|---|---|
| Drugi avtorji: | , , |
| Format: | Knjiga |
| Izdano: |
Tp.HCM :
Tp.HCM,
1997.
|
| Teme: | |
| Oznake: |
Označite
Brez oznak, prvi označite!
|
| Thư viện lưu trữ: | Mạng thư viện Đại học Đà Nẵng |
|---|
| LEADER | 01319nam a22003491a 4500 | ||
|---|---|---|---|
| 001 | 000037641 | ||
| 003 | 13936 | ||
| 005 | 20210309142544.0 | ||
| 008 | 160412s1997 000 | ||
| 020 | |c 16000 | ||
| 040 | |a lnn |c lnn |d lnn | ||
| 041 | 0 | |a Vie | |
| 041 | 0 | |a Eng | |
| 082 | 0 | |a 425 |b AL-L | |
| 100 | 1 | |a Alexander, L.G. | |
| 245 | 0 | 0 | |a Ngữ pháp Longman : |b The Essential English Grammar / |c L.G Alexander ; Nguyễn Trung Tánh, Nguyễn Trí Lợi, Trương Hoàng Duy dịch và chú giải. |
| 260 | |a Tp.HCM : |b Tp.HCM, |c 1997. | ||
| 300 | |a 146Tr. ; |c 20,5cm. | ||
| 520 | 3 | |a Nouns. Articles. Pronouns. Quantity. Adjectives. Adverbs. The passive and the causative... | |
| 650 | 0 | 4 | |a Tiếng anh |x ngữ pháp. |
| 700 | 1 | |a Nguyễn Trung Tánh, |e dịch và chú giải. | |
| 700 | 1 | |a Nguyễn Trí Lợi, |e dịch và chú giải. | |
| 700 | 1 | |a Trương Hoàng Duy, |e dịch và chú giải. | |
| OWN | |a LNN | ||
| 902 | |a TKA | ||
| AVA | |a UDN50 |b LNN |c English |e available |t Error 5001 Not defined in file expand_doc_bib_avail. |f 2 |g 0 |h N |i 0 |j AN | ||
| 999 | |a From the UDN01 | ||
| AVA | |a UDN50 |b LNN |c English |e available |t Error 5001 Not defined in file expand_doc_bib_avail. |f 2 |g 0 |h N |i 0 |j AN | ||
| TYP | |a Monograph | ||
| 980 | |a Mạng thư viện Đại học Đà Nẵng | ||